| 000 | 00892nam a22003017a 4500 | ||
|---|---|---|---|
| 003 | CHAP | ||
| 005 | 20220329140923.0 | ||
| 008 | 971013s1994 enk r 00010 eng d | ||
| 010 | _a59837 | ||
| 011 | _a60809 | ||
| 035 | _a64972 | ||
| 040 | _cCHAP | ||
| 082 | 0 | 4 |
_a575.2 _bS6 |
| 100 | 0 | 0 |
_aSolbrig, Otto T. _eed. _9108386 |
| 245 | 1 | _aBiodiversity and global change | |
| 260 |
_aOxon : _bCAB International, _c1994 |
||
| 300 | _a227 p. | ||
| 590 |
_aBATCH-UPD _b10 _c20130110 _lUCH01 _h0556 |
||
| 590 |
_aBATCH-UPD _b10 _c20130110 _lUCH01 _h2345 |
||
| 590 |
_aCONVERSION _b10 _c20130109 _lUCH01 _h1332 |
||
| 650 | 1 | 4 |
_aBiodiversidad. _912724 |
| 650 | 1 | 4 |
_aEcosistema. _935290 |
| 700 | 0 |
_aEmden, H. M. van. _936504 |
|
| 700 | 0 |
_aOordt, P. G. W. J. van _eed. _983352 |
|
| 901 | _aBK | ||
| 942 | _cLIBRO | ||
| 949 |
_a575.2 S6 _bBC _cLIBRO _d33724000082970 _eLIBRO _gI.181684 _h90349 _i64972 _si _t297.00 |
||
| 999 |
_c59837 _d59837 |
||